College Quizbowl Stats
College Quizbowl Stats
Circuits
Seasons
Sets
Records
Detailed Stats
About
Loading...
2024 ACF Fall at Rutgers
Tossups
Bonuses
Players
Teams
Categories (Tossup)
Categories (Bonus)
Nicola Illario
Penn A
Categories
Category
Powers
Gets
Negs
BBs
Points
Earliest Buzz
Avg. Buzz
First Buzzes
Top 3 Buzzes
BPA
PVF
History - European
0
2
1
0
15
53
65.50
0
0
7.05
10.23
Geography
0
1
0
0
10
71
71.00
0
0
8.36
10.00
History - Other
0
2
2
0
10
24
54.50
0
0
9.31
9.09
History - American
0
0
1
0
-5
0.00
0
0
0.00
0.00
Buzzes
Category
Answer
Value
Buzz Position
History - European
Cossacks
-5
21
History - Other
Carthage
10
24
History - Other
Machu Picchu
-5
52
History - American
Mormons
-5
53
History - European
Spanish Civil War
10
53
History - Other
Vietnamese
-5
57
Geography
Miami
10
71
History - European
Peter
10
78
History - Other
Babylon
10
85
Previous
1
Next